Welcome to the Holygrace Academy Library

Please use search bar below to get started

THE CALL OF THE WILD (Record no. 3458)

MARC details
000 -LEADER
fixed length control field 00603nam a22001457a 4500
020 ## - INTERNATIONAL STANDARD BOOK NUMBER
ISBN 978-93-52750-32-0
082 ## - DEWEY DECIMAL CLASSIFICATION NUMBER
Classification number 823
Item number LON/C
100 ## - MAIN ENTRY--AUTHOR NAME
Personal name LONDON, JACK
245 ## - TITLE STATEMENT
Title THE CALL OF THE WILD
260 ## - PUBLICATION, DISTRIBUTION, ETC. (IMPRINT)
Place of publication NEW YORK
Name of publisher SCHOLASTIC
Year of publication 31/10/2017
300 ## - PHYSICAL DESCRIPTION
Number of Pages 145
520 ## - SUMMARY, ETC.
Summary, etc The story opens at a ranch in Santa Clara Valley, California, when Buck is stolen from his home and sold into service as a sled dog in Alaska. He becomes progressively more primitive and wild in the harsh environment, where he is forced to fight to survive and dominate other dogs.
650 ## - SUBJECT ADDED ENTRY--TOPICAL TERM
Topical Term NOVEL
Geographic subdivision UNITED STATES
942 ## - ADDED ENTRY ELEMENTS (KOHA)
Koha item type Books
Holdings
Withdrawn status Lost status Collection code Home library Current library Shelving location Date acquired Source of acquisition Cost, normal purchase price Full call number Accession Number Koha item type
    Fiction Main Library Main Library SHELF-14G- ALPHABETICAL J,K,L --ENGLISH NOVELS & FICTIONS 31/10/2017 purchase 195.00 823 LON/C 10143 Books